000 006390000a22002050004500
090 _aAR
_b03360
245 1 0 _aOn some additional species of birds received in collections from Bogotá
500 _a<Colección Aves>
650 1 4 _aOrnitología
_993189
650 1 4 _aAves
_992429
650 1 4 _aListas de aves
_996886
650 1 4 _aTaxonomía animal
_98245
650 1 4 _aDistribución geográfica
_992997
650 1 4 _aMorfología animal
_99953
651 4 _pColombia
_992749
041 0 _aInglés
100 1 _aLutley Sclater, Philip
_996980
942 _cARTICULO
773 1 _tProceedings Zoological Society of London
_31358
_q25-31
_d1856
999 _c12411
_d12411